000 00461nam a2200145Ia 4500
008 211109s9999||||xx |||||||||||||| ||und||
082 _a894.812
_bNAI-T
100 _aS K Nair,
245 0 _aTharangarangam
260 _bMangalodayam Press
_aTrichur
_c1958
300 _a124p
630 _xGeneral Stack
650 _aLiterature & rhetoric
_vLiteratures of other languagesAltaic, Uralic, Hyperborean & Dravidianmalayalam literature
_xMalayalam
942 _cBOOK
999 _c19993
_d19993